| 000 | 00402 a2200145 4500 | ||
|---|---|---|---|
| 001 | 164810 | ||
| 020 | _a | ||
| 040 | _cMagnum | ||
| 100 | _aSanfelice, Jose Luis Et Al. | ||
| 240 | 1 | 0 |
_aHistoria da educacao: perspectivas para um intercambio internacional _lpor |
| 245 | 1 | 0 | _aHistoria da educacao: perspectivas para um intercambio internacional |
| 362 | 0 | _a1899 | |
| 697 | _aPEDAGOGIA | ||
| 942 | _cBK | ||
| 999 |
_c164810 _d164810 |
||